| 000 | 01237cam a22003014a 4500 | ||
|---|---|---|---|
| 005 | 20230613135439.0 | ||
| 008 | 001005s2001 nyua 001 0 eng | ||
| 010 | _a 00050983 | ||
| 020 | _a0471395978 (pbk. : alk. paper)) | ||
| 040 |
_aDLC _cDLC _dDLC |
||
| 042 | _apcc | ||
| 082 | 0 | 0 |
_a005.276 _221 _bHAN-C |
| 100 | 1 | _aHanegan, Kevin. | |
| 245 | 1 | 0 |
_aCustom CGI scripting with Perl / _cKevin Hanegan. |
| 260 |
_aNew York : _bWiley, _cc2001. |
||
| 300 |
_axxvii, 276 p. : _bill. ; _c24 cm. |
||
| 500 | _a"Wiley Computer Publishing." | ||
| 500 | _aIncludes index. | ||
| 650 | 0 | _aPerl (Computer program language) | |
| 650 | 0 | _aCGI (Computer network protocol) | |
| 650 | 0 |
_aWeb sites _xDesign. |
|
| 856 | 4 | 2 |
_3Contributor biographical information _uhttp://www.loc.gov/catdir/bios/wiley042/00050983.html |
| 856 | 4 | 2 |
_3Publisher description _uhttp://www.loc.gov/catdir/description/wiley035/00050983.html |
| 856 | 4 |
_3Table of Contents _uhttp://www.loc.gov/catdir/toc/onix06/00050983.html |
|
| 906 |
_a7 _bcbc _corignew _d1 _eocip _f20 _gy-gencatlg |
||
| 999 |
_c18736 _d18736 |
||